[Event "Aimchess Rapid Div 3 L"]
[Site "chess.com INT"]
[Date "2023.07.12"]
[Round "5.3"]
[White "Pantsulaia, Levan"]
[Black "Andreikin, Dmitry"]
[Result "1/2-1/2"]
[WhiteTitle "GM"]
[BlackTitle "GM"]
[WhiteElo "2564"]
[BlackElo "2729"]
[WhiteFideId "13602071"]
[BlackFideId "4158814"]
[EventDate "2023.07.10"]
[EventType "k.o."]

1. Nf3 d5 2. c4 c6 3. g3 Bg4 4. Ne5 Be6 5. d4 Nd7 6. cxd5 Bxd5 7. f3 Nxe5 8.
dxe5 g6 9. e4 Be6 10. Qxd8+ Rxd8 11. Be3 Bh6 12. f4 f6 13. exf6 Nxf6 14. Nc3 b6
15. a4 O-O 16. a5 g5 17. f5 Ng4 18. Bc1 Bb3 19. Be2 Ne5 20. h4 Nd3+ 21. Bxd3
Rxd3 22. hxg5 Bg7 23. Kf2 b5 24. Be3 a6 25. Ne2 Bc4 26. Rad1 Bxb2 27. Nf4 Rxd1
28. Rxd1 b4 29. g6 b3 30. Rh1 h6 31. Ne2 Rd8 32. Rb1 Bf6 33. Bf4 Bg7 34. e5 Rd5
35. Nc3 Rxa5 36. Ke3 Rxe5+ 37. Bxe5 Bxe5 38. Na4 Kg7 39. g4 a5 40. Nb6 Bg8 41.
Kd3 b2 42. Nc4 a4 43. Nxe5 a3 44. Kc2 a2 45. Kxb2 axb1=Q+ 46. Kxb1 e6 47. Nd7
exf5 48. gxf5 Bd5 49. Kc1 Be4 50. Kd2 Bxf5 51. Ne5 c5 52. Kc3 Bxg6 53. Kc4 Kf6
54. Ng4+ Kg5 55. Nxh6 Kxh6 56. Kxc5 1/2-1/2

[Event "Aimchess Rapid Div 3 L"]
[Site "chess.com INT"]
[Date "2023.07.13"]
[Round "6.1"]
[White "Dominguez Perez, Leinier"]
[Black "Andreikin, Dmitry"]
[Result "1-0"]
[WhiteTitle "GM"]
[BlackTitle "GM"]
[WhiteElo "2739"]
[BlackElo "2729"]
[WhiteFideId "3503240"]
[BlackFideId "4158814"]
[EventDate "2023.07.10"]
[EventType "k.o."]

1. e4 c5 2. Nf3 e6 3. d4 cxd4 4. Nxd4 a6 5. c4 Nf6 6. Nc3 Bb4 7. Qd3 d5 8. exd5
exd5 9. Be2 O-O 10. O-O Nc6 11. Nxd5 Nxd5 12. Nxc6 bxc6 13. cxd5 Qxd5 14. Qg3
Bd6 15. Bf4 Bxf4 16. Qxf4 Be6 17. b3 a5 18. Rac1 Qd7 19. Bc4 Rfd8 20. Bxe6 Qxe6
21. Rfe1 Qd5 22. h3 a4 23. Re5 Qd3 24. bxa4 Rd4 25. Rce1 f6 26. Re8+ Rxe8 27.
Rxe8+ Kf7 28. Qb8 Qd1+ 29. Kh2 Qd2 30. Re3 Rd8 31. Qc7+ Qd7 32. Qxd7+ Rxd7 33.
a5 Ra7 34. Ra3 Ke6 35. Kg3 Kd5 36. Kf3 Kc4 37. a6 c5 38. Ke3 g5 39. g4 Kb4 40.
Rb3+ Ka5 41. Kd3 Rd7+ 42. Kc4 Kxa6 43. Rf3 Rd6 44. Kxc5 Re6 45. Kd5 Rb6 46. Ra3+ 1-0

[Event "Aimchess Rapid Div 3 L"]
[Site "chess.com INT"]
[Date "2023.07.13"]
[Round "6.1"]
[White "Mamedov, Rauf"]
[Black "Le, Quang Liem"]
[Result "0-1"]
[WhiteTitle "GM"]
[BlackTitle "GM"]
[WhiteElo "2636"]
[BlackElo "2728"]
[WhiteFideId "13401653"]
[BlackFideId "12401137"]
[EventDate "2023.07.10"]
[EventType "k.o."]

1. e4 e5 2. Nf3 Nc6 3. Bc4 Nf6 4. d3 Bc5 5. Nc3 a6 6. Bg5 h6 7. Bxf6 Qxf6 8. Nd5
Qd8 9. c3 d6 10. d4 exd4 11. cxd4 Ba7 12. h3 Ne7 13. O-O Nxd5 14. Bxd5 O-O 15.
Bb3 Re8 16. Re1 Be6 17. Bc2 Qf6 18. Qd3 g6 19. Rad1 Rad8 20. Bb3 c5 21. Bxe6
Qxe6 22. Qd2 Kh7 23. d5 Qf6 24. b3 Rd7 25. Nh2 Rde7 26. Ng4 Qg7 27. e5 dxe5 28.
d6 Rd7 29. Qd5 e4 30. Rxe4 Rxe4 31. Qxe4 f5 32. Qe8 fxg4 33. Re1 Rf7 34. hxg4 c4
35. Re2 c3 36. g5 Bc5 37. Qe6 Qf8 38. d7 Rxf2 39. Kh2 Rxe2 40. Qxe2 Qd6+ 0-1

[Event "Aimchess Rapid Div 3 L"]
[Site "chess.com INT"]
[Date "2023.07.13"]
[Round "6.2"]
[White "Andreikin, Dmitry"]
[Black "Dominguez Perez, Leinier"]
[Result "1/2-1/2"]
[WhiteTitle "GM"]
[BlackTitle "GM"]
[WhiteElo "2729"]
[BlackElo "2739"]
[WhiteFideId "4158814"]
[BlackFideId "3503240"]
[EventDate "2023.07.10"]
[EventType "k.o."]

1. Nf3 d5 2. d4 Nf6 3. c4 e6 4. Bg5 dxc4 5. e4 c5 6. Bxc4 cxd4 7. O-O Nc6 8. e5
h6 9. Bc1 Nd7 10. Re1 a6 11. a3 b5 12. Ba2 Bb7 13. Bf4 Nc5 14. b4 Na4 15. Bb3
Be7 16. Ra2 Rc8 17. Rd2 Qb6 18. Nxd4 Nxd4 19. Rxd4 Nc3 20. Qd2 Nxb1 21. Rxb1 Qc6
22. f3 Qc3 23. Qd1 Qc7 24. Rc1 Qb6 25. Rxc8+ Bxc8 26. Be3 O-O 27. Qd3 Rd8 28.
Bc2 g6 29. h4 h5 30. g4 hxg4 31. h5 Rxd4 32. Bxd4 Qc6 33. hxg6 Qxf3 34. gxf7+
Qxf7 35. Bc5 Bxc5+ 36. bxc5 Bb7 37. Qd8+ Kg7 38. Qg5+ Kf8 39. Bg6 Qf3 40. Qf6+
Qxf6 41. exf6 g3 42. Kf1 a5 43. Bd3 Bc6 44. Bg6 b4 45. axb4 axb4 46. Ke2 b3 47.
Ke3 g2 48. Kf2 b2 49. Kg1 b1=Q+ 50. Bxb1 Kf7 51. Kf2 Kxf6 52. Ba2 Ke5 53. Bc4
Kf6 54. Be2 Kf5 55. Bd3+ Ke5 56. Bc4 Kd4 57. Bxe6 Kxc5 58. Bh3 Kd4 59. Bxg2 1/2-1/2

[Event "Aimchess Rapid Div 3 L"]
[Site "chess.com INT"]
[Date "2023.07.13"]
[Round "6.2"]
[White "Le, Quang Liem"]
[Black "Mamedov, Rauf"]
[Result "0-1"]
[WhiteTitle "GM"]
[BlackTitle "GM"]
[WhiteElo "2728"]
[BlackElo "2636"]
[WhiteFideId "12401137"]
[BlackFideId "13401653"]
[EventDate "2023.07.10"]
[EventType "k.o."]

1. d4 d6 2. e4 g6 3. Nc3 Bg7 4. Nf3 a6 5. a4 Nc6 6. h3 Nf6 7. Be3 O-O 8. Be2 Nd7
9. d5 Nce5 10. Nd2 Nf6 11. f4 Ned7 12. O-O c6 13. a5 cxd5 14. exd5 b5 15. axb6
Nxb6 16. Nb3 Bb7 17. Ra5 Qc7 18. Kh2 Rfc8 19. Re1 Qd8 20. Bd4 Nc4 21. Bxc4 Rxc4
22. Ra3 Rac8 23. Bxf6 Bxf6 24. Na5 Rb4 25. Ne4 Bxb2 26. Nxb7 Rxb7 27. Rxa6 Rbc7
28. Re2 Bg7 29. Qd3 Qd7 30. Ng5 h6 31. Nf3 Bf6 32. Nd4 Rc3 33. Qd2 R8c4 34. Nc6
Qf5 35. Nxe7+ Bxe7 36. Rxe7 Rxc2 37. Qe3 R4c3 38. Ra8+ Kh7 39. Qe4 Qxh3+ 40. Kg1
Rc1+ 41. Kf2 Qg3+ 0-1

[Event "Aimchess Rapid Div 3 L"]
[Site "chess.com INT"]
[Date "2023.07.13"]
[Round "6.3"]
[White "Le, Quang Liem"]
[Black "Mamedov, Rauf"]
[Result "1-0"]
[WhiteTitle "GM"]
[BlackTitle "GM"]
[WhiteElo "2728"]
[BlackElo "2636"]
[WhiteFideId "12401137"]
[BlackFideId "13401653"]
[EventDate "2023.07.10"]
[EventType "k.o."]

1. d4 d5 2. c4 e6 3. Nf3 c5 4. cxd5 exd5 5. g3 Nc6 6. Bg2 Nf6 7. O-O Be7 8. dxc5
Bxc5 9. a3 Ne4 10. b4 Bb6 11. Bb2 O-O 12. Nc3 Be6 13. Na4 Re8 14. Rc1 a6 15. Nd4
Ba7 16. Nxc6 bxc6 17. Rxc6 Bd7 18. Rc1 Nxf2 19. Rxf2 Bxa4 20. Qxa4 Rxe2 21. Rc5
Rxf2 22. Kxf2 Qe7 23. Bd4 Re8 24. Qd1 Bxc5 25. bxc5 Qd7 26. Kg1 h6 27. h3 Qb5
28. Qg4 f6 29. Kh2 Kh8 30. Qh5 Re2 31. Qxd5 Rd2 32. Qa8+ Kh7 33. Qe4+ Kh8 34.
Be3 Re2 35. c6 f5 36. Qf3 Rc2 37. Bf4 Kh7 38. c7 Qd7 39. h4 Qe6 40. Kh3 g5 41.
hxg5 hxg5 42. Qh5+ Qh6 43. Qxh6+ Kxh6 44. Bd6 Kg6 45. g4 fxg4+ 46. Kg3 Kf6 47.
Bb7 Ke6 48. c8=Q+ Rxc8 49. Bxc8+ Kxd6 50. Bxa6 Kc5 51. a4 1-0

[Event "Aimchess Rapid Div 3 L"]
[Site "chess.com INT"]
[Date "2023.07.13"]
[Round "7.1"]
[White "Le, Quang Liem"]
[Black "Dominguez Perez, Leinier"]
[Result "0-1"]
[WhiteTitle "GM"]
[BlackTitle "GM"]
[WhiteElo "2728"]
[BlackElo "2739"]
[WhiteFideId "12401137"]
[BlackFideId "3503240"]
[EventDate "2023.07.10"]
[EventType "k.o."]

1. d4 Nf6 2. c4 e6 3. Nf3 d5 4. cxd5 exd5 5. Nc3 c6 6. Bf4 Bf5 7. e3 Nbd7 8. h3
Be7 9. g4 Bg6 10. Nh4 Be4 11. Rg1 Nf8 12. g5 N6d7 13. Qb3 Ne6 14. O-O-O O-O 15.
Nxe4 dxe4 16. Nf5 Nxf4 17. exf4 Nb6 18. g6 Bf6 19. gxh7+ Kh8 20. Bg2 Qd5 21.
Qxd5 Nxd5 22. Bxe4 Nxf4 23. Kc2 Rad8 24. Rg3 g6 25. Rf3 Ne6 26. Nh6 Kg7 27. d5
Ng5 28. Nxf7 Rxf7 29. dxc6 Rc8 0-1

[Event "Aimchess Rapid Div 3 L"]
[Site "chess.com INT"]
[Date "2023.07.13"]
[Round "7.2"]
[White "Dominguez Perez, Leinier"]
[Black "Le, Quang Liem"]
[Result "0-1"]
[WhiteTitle "GM"]
[BlackTitle "GM"]
[WhiteElo "2739"]
[BlackElo "2728"]
[WhiteFideId "3503240"]
[BlackFideId "12401137"]
[EventDate "2023.07.10"]
[EventType "k.o."]

1. e4 c5 2. Nf3 d6 3. d4 cxd4 4. Nxd4 Nf6 5. Nc3 a6 6. Be3 e5 7. Nb3 Be7 8. f3
Be6 9. Qd2 h5 10. Nd5 Nxd5 11. exd5 Bf5 12. Be2 Bh4+ 13. g3 Be7 14. O-O-O Nd7
15. Kb1 Rc8 16. Rc1 O-O 17. Ka1 Bh7 18. h3 Re8 19. c4 b6 20. Bd3 Bxd3 21. Qxd3
Bg5 22. h4 e4 23. fxe4 Ne5 24. Qe2 Bxe3 25. Qxe3 Nxc4 26. Qe2 b5 27. Rhf1 g6 28.
Nd4 Qe7 29. Qf2 Rc7 30. Nc6 Qxe4 31. Rfe1 Ne3 32. Re2 Kg7 33. a3 Qxd5 34. Rxe3
Rxc6 35. Rce1 Rec8 36. Kb1 Rc5 37. Rf1 Kg8 38. Re7 Qd3+ 39. Ka2 Rf5 0-1

[Event "Aimchess Rapid Div 3 L"]
[Site "chess.com INT"]
[Date "2023.07.13"]
[Round "7.3"]
[White "Le, Quang Liem"]
[Black "Dominguez Perez, Leinier"]
[Result "1-0"]
[WhiteTitle "GM"]
[BlackTitle "GM"]
[WhiteElo "2728"]
[BlackElo "2739"]
[WhiteFideId "12401137"]
[BlackFideId "3503240"]
[EventDate "2023.07.10"]
[EventType "k.o."]

1. Nf3 d5 2. e3 Nf6 3. c4 e6 4. b3 Bd6 5. Bb2 O-O 6. Nc3 c5 7. cxd5 exd5 8. d4
cxd4 9. Nxd4 Nc6 10. Be2 Nxd4 11. Qxd4 Re8 12. O-O Be5 13. Qd3 Bg4 14. Rad1 Bxe2
15. Qxe2 d4 16. Nb5 Qb8 17. Nxd4 Bxh2+ 18. Kh1 Be5 19. Qf3 Qc8 20. Rd2 Qg4 21.
Qxg4 Nxg4 22. Rfd1 g6 23. g3 Rad8 24. Kg2 a6 25. Ba3 h5 26. Nf3 Bf6 27. Rd7 Rxd7
28. Rxd7 Rc8 29. Ne1 Rd8 30. Rxd8+ Bxd8 31. Nd3 f5 32. Bc5 Nf6 33. Bd4 Nd7 34.
Kf3 Kf7 35. e4 Bf6 36. Ke3 fxe4 37. Kxe4 g5 38. Be3 Kg6 39. f4 Bd8 40. fxg5 Bxg5
41. Bd4 Bf6 42. Be3 Bg5 43. Nf4+ Bxf4 44. Kxf4 Nf6 45. Bd2 Ng4 46. Ke4 Nf2+ 47.
Ke5 Nd3+ 48. Kd4 Nf2 49. Be1 Nh3 50. Kc5 Kf5 51. Kb6 Ke4 52. Kxb7 Kf3 53. Kxa6
Ke2 54. Ba5 Ng5 55. b4 Ne4 56. b5 Nxg3 57. b6 Ne4 58. Bb4 1-0

[Event "Aimchess Rapid Div 3 L"]
[Site "chess.com INT"]
[Date "2023.07.13"]
[Round "8.1"]
[White "Le, Tuan Minh"]
[Black "Le, Quang Liem"]
[Result "1-0"]
[WhiteTitle "GM"]
[BlackTitle "GM"]
[WhiteElo "2557"]
[BlackElo "2728"]
[WhiteFideId "12401153"]
[BlackFideId "12401137"]
[EventDate "2023.07.10"]
[EventType "k.o."]

1. d4 Nf6 2. Nf3 b6 3. c4 e6 4. a3 Bb7 5. Nc3 d5 6. Bg5 Be7 7. Bxf6 Bxf6 8. cxd5
exd5 9. Qa4+ c6 10. g3 O-O 11. Bg2 Re8 12. O-O Na6 13. Rfd1 Nc7 14. Rac1 Qe7 15.
e3 g6 16. Ne1 Red8 17. Nd3 Ne6 18. b4 b5 19. Qb3 a5 20. bxa5 Rxa5 21. a4 bxa4
22. Nxa4 Ba6 23. Nac5 Nxc5 24. Nxc5 Bb5 25. Bf1 Qa7 26. Bxb5 Rxb5 27. Qc2 Rdb8
28. Nd3 R8b6 29. h4 h5 30. Ra1 Qd7 31. Qe2 Qf5 32. Kg2 Be7 33. Qf3 Qxf3+ 34.
Kxf3 Bd6 35. Rdc1 Rb3 36. Ke2 Ra3 37. Rxa3 Bxa3 38. Ra1 Rb3 39. Ne5 c5 40. dxc5
Bxc5 41. Ra5 Rb2+ 42. Kf3 Bd6 43. Nd3 Rd2 44. Rxd5 Bc7 45. Rd4 Bb6 46. Rd7 Kg7
47. Ke4 Kf8 48. Rb7 Bd8 49. Rb3 Bf6 50. Kf3 Rc2 51. Nf4 Bc3 52. Rb7 Rd2 53. Nh3
Bf6 54. Ke4 Ra2 55. Kf3 Rd2 56. Nf4 Be5 57. Ne2 Bf6 58. Rc7 Be5 59. Rc5 Bd6 60.
Rc8+ Kg7 61. Rd8 Bb4 62. Rb8 Rb2 63. Nf4 Bc3 64. Rc8 Ba5 65. Nd3 Rd2 66. Ne5 Rd5
67. Nc4 Bb4 68. Rb8 Be7 69. Rb7 Kf8 70. Ke4 Rd1 71. Ne5 Rd2 72. f4 Ra2 73. Rb3
Ra4+ 74. Kf3 Ra3 75. Rxa3 Bxa3 76. e4 Kg7 77. Nd3 Bd6 78. e5 Bb8 79. Ke4 Ba7 80.
Nb4 Kf8 81. Nd5 Bf2 82. Kf3 Be1 83. Ne3 Ke7 84. f5 gxf5 85. Nxf5+ Ke6 86. Kf4
Bc3 87. Ng7+ Kd5 88. e6 fxe6 89. Nxh5 Bd2+ 90. Kf3 Ke5 91. g4 Be1 92. Nf4 Kf6
93. Ng2 Bc3 94. g5+ Kf5 95. Ne3+ Ke5 96. h5 Kd6 97. Kg4 Ke7 98. h6 Bd2 99. Nc4
Bc3 100. Kh5 e5 101. g6 e4 102. g7 Bxg7 103. hxg7 Kf7 104. Kh6 Kg8 105. Ne3 Kf7
106. Kh7 1-0

[Event "Aimchess Rapid Div 3 L"]
[Site "chess.com INT"]
[Date "2023.07.13"]
[Round "8.2"]
[White "Le, Quang Liem"]
[Black "Le, Tuan Minh"]
[Result "1/2-1/2"]
[WhiteTitle "GM"]
[BlackTitle "GM"]
[WhiteElo "2728"]
[BlackElo "2557"]
[WhiteFideId "12401137"]
[BlackFideId "12401153"]
[EventDate "2023.07.10"]
[EventType "k.o."]

1. d4 d5 2. c4 e6 3. Nf3 a6 4. g3 dxc4 5. Bg2 b5 6. O-O Bb7 7. a4 Nf6 8. b3 cxb3
9. Qxb3 Be7 10. axb5 O-O 11. Bb2 Bd5 12. Qc2 Be4 13. Qa4 axb5 14. Qxb5 Rxa1 15.
Bxa1 Nbd7 16. Nc3 Ba8 17. Rc1 c5 18. Na4 cxd4 19. Nxd4 Bxg2 20. Kxg2 Qa8+ 21.
Kg1 Rb8 22. Qc6 Bf8 23. Qxa8 Rxa8 24. Nc3 Nc5 25. Rb1 Nce4 26. Ncb5 Nd5 27. f3
Nd2 28. Rd1 Ne3 29. Rxd2 Rxa1+ 30. Kf2 Nd1+ 31. Kg2 Ne3+ 32. Kh3 Ra8 33. Rd3 Nc4
34. Rc3 Nb6 35. e4 Rc8 36. Nc6 h6 37. Kg2 g6 38. Kf2 Kg7 39. Ke2 Na4 40. Rc2 Nb6
41. Nba7 Ra8 42. Rb2 Nc4 43. Rb7 Bc5 44. Nb5 Rc8 45. Rc7 Rxc7 46. Nxc7 g5 47.
Kd3 Nb6 48. e5 Bg1 49. h3 Bh2 50. g4 Nd7 51. Ke4 Nc5+ 52. Kd4 Nb3+ 53. Kc3 Nc5
54. Ne8+ Kf8 55. Nf6 Kg7 56. Kd4 Nb3+ 57. Kd3 Nc5+ 58. Kc4 Na4 59. Kd3 Nc5+ 60.
Ke3 Kf8 61. Nh5 Nd7 62. Ke4 Nc5+ 63. Kd4 Nb3+ 64. Ke3 Nc5 65. f4 Bxf4+ 66. Nxf4
gxf4+ 67. Kxf4 Kg7 68. h4 Nd3+ 69. Ke3 Nc5 70. Nd4 Nd7 71. Kf4 Nb6 72. Nb5 Nd5+
73. Ke4 f6 74. Nd4 Kf7 75. Nc6 Nc3+ 76. Kd4 Nd5 77. h5 Nf4 78. Ke4 Nd5 79. Nd8+
Ke7 80. Nc6+ Kf7 81. Nd4 Nc3+ 82. Kf4 Nd5+ 83. Ke4 Nc3+ 84. Kd3 Nd5 85. Nf3 Nb4+
86. Ke4 Nc6 87. Kf4 Nxe5 88. Nxe5+ fxe5+ 89. Kxe5 Ke7 90. Ke4 Kf7 91. Ke5 Ke7
92. Ke4 Kf7 93. Ke5 1/2-1/2